Colors Mentioned in the Quran in Alphabetically - Statistics

General Stats
  • This quiz has been taken 55 times
  • The average score is 5 of 6
Answer Stats
Answer % Correct
Black
96%
Blue
91%
Green
87%
Red
78%
Yellow
78%
White
76%
No matching quizzes found
Score Distribution
Percent of People with Each Score
Percentile by Number Answered
Your Score History
You have not taken this quiz